El poeta pregunta por Stella

Đã lưu trong:
Chi tiết về thư mục
Tác giả chính: Sánchez, María Teresa
Định dạng: Sách
Ngôn ngữ:Undetermined
Được phát hành: Managua, Nicaragua Nuevos Horizontes 1967
Những chủ đề:
Các nhãn: Thêm thẻ
Không có thẻ, Là người đầu tiên thẻ bản ghi này!

MARC

LEADER 00000nam a2200000Ia 4500
008 170316s9999 xx 000 0 und d
040 |a cru BVZT 
090 |a 860 S-10p 
100 |a Sánchez, María Teresa 
245 |a El poeta pregunta por Stella 
260 |a Managua, Nicaragua 
260 |b Nuevos Horizontes 
260 |c 1967 
300 |a 136 páginas 
650 |a LITERATURA LATINOAMERICANA 
999 |c 9192  |d 9192 
942 |c 15 D  |h 860 S-10p  |2 z